| 000 | 00479nam a22001697a 4500 | ||
|---|---|---|---|
| 020 | _a978-93-48132-60-4 | ||
| 082 |
_a894.812 _bSUV/M |
||
| 100 | _aSuvitha M V | ||
| 245 |
_aMalayalam teacher: _badhyapana pareeshakalile malayalam/ _cby Suvitha M V |
||
| 260 |
_aKozhikode: _bAtma Books, _c2025. |
||
| 300 | _a332p. | ||
| 650 | _aHST, HSST - PSC Examination Guide | ||
| 650 | _aLanguage Malayalam | ||
| 650 | _aLiterature Malayalam | ||
| 650 | _aLiterature | ||
| 942 | _cBK | ||
| 999 |
_c181851 _d181851 |
||